| 000 | 00953nam a2200265Ia 4500 | ||
|---|---|---|---|
| 003 | GCL | ||
| 008 | 140319s9999 xx 000 0 ara d | ||
| 020 | _a5017689953 | ||
| 040 |
_aGCL / _cGCL |
||
| 082 | 0 | 4 |
_a302.234 _bع ث |
| 100 | 1 | _aعبدالله محمد الغذامى | |
| 245 | 1 | 0 |
_aالثقافة التليفزيونية : _bسقوط النخبة وبروز الشعبى / _cعبدالله محمد الغذامى |
| 250 | _aالاولى | ||
| 260 |
_aالمغرب : _bالمركز الثقافى العربى ، _c2004 |
||
| 300 |
_a220 ص ؛ _c21 سم |
||
| 650 | 0 | 4 | _aالتليفزيون |
| 650 | 0 | 4 | _aالاتصالات |
| 650 | 0 | 4 | _aالوعى الاجتماعى |
| 650 | 0 | 4 | _aوسائل الاعلام |
| 650 | 0 | 4 | _aالمعرفة |
| 650 | 0 | 4 | _aالتليفزيون - التاثير الفسيولوجى |
| 650 | 0 | 4 | _aالتليفزيون والمجتمع |
| 650 | 0 | 4 | _aالارهاب - الاعلام |
| 942 |
_2ddc _cBK |
||
| 999 |
_c8984 _d8984 |
||